000 00389nam a2200145Ia 4500
008 130318s9999 xx 000 0 und d
020 _a8131700259
082 _a530 DUD/P
100 _aDudeja, Ravi Raj
245 _aPearson guide to objective Physics for IIT JEE
260 _bPearson Education
_aNew Delhi
_c2007
300 _a1260
650 _aJEE EXAMINATION GUIDE
650 _aPHYSICS
999 _c1210
_d1210